| 000 | 00491nam a22001577a 4500 | ||
|---|---|---|---|
| 003 | macl | ||
| 005 | 20171025131843.0 | ||
| 008 | 171025b xxu||||| |||| 00| 0 eng d | ||
| 040 | _cmacl | ||
| 082 | _a800 | ||
| 100 | _4कुमारी ,शैल | ||
| 245 | _aतुलसीदास सृजन के अायाम | ||
| 260 |
_aदिल्ली _bईशा ज्ञानदीप _c2016 |
||
| 650 |
_aकाव्यालाेचना _966811 |
||
| 942 |
_2ddc _cHIN |
||
| 999 |
_c57098 _d57098 |
||